NIGERIAN elections in historical perspective
Guardat en:
| Autor principal: | |
|---|---|
| Format: | Llibre |
| Idioma: | anglès |
| Publicat: |
The Nigeria Academy of Letters
2012
|
| Etiquetes: |
Afegir etiqueta
Sense etiquetes, Sigues el primer a etiquetar aquest registre!
|
MARC
| LEADER | 00000nam a22000007a 4500 | ||
|---|---|---|---|
| 008 | 210413b ||||| |||| 00| 0 eng d | ||
| 020 | |a 978-978-2459-75-5 | ||
| 100 | |a edited by OLORUNTIMEHIN, B. Olatunji | ||
| 245 | |a NIGERIAN elections in historical perspective |c edited by B. Olatunji Oloruntimehin. |e Occasional publication |f no. 10 |g v, 61p. | ||
| 250 | |c NIGERIAN elections in historical perspective | ||
| 260 | |b The Nigeria Academy of Letters |c 2012 |h - Ibadan |i 685298 |i 685299 |i 685300 |i 685301 |i 685302 |l JQ3098 .N56 |m Elections – Nigeria. |m Nigeria – Politics and government. | ||
| 500 | |a “It includes references” | ||
| 942 | |a lcc |c BK |e YUNUSA. A.A. |f 13/4/21 | ||
| 952 | |0 0 |1 0 |2 lcc |4 0 |6 JQ3098 N56 |7 0 |9 2112 |a HOL |b HOL |c GJ |d 2021-04-13 |l 0 |o JQ3098 .N56 |p 2021-5967 |r 2021-04-13 00:00:00 |w 2021-04-13 |y BK | ||
| 952 | |0 0 |1 0 |2 lcc |4 0 |6 JQ3098 N56 |7 0 |9 2113 |a HOL |b HOL |c GJ |d 2021-04-13 |l 0 |o JQ3098 .N56 |p 2021-5968 |r 2021-04-13 00:00:00 |w 2021-04-13 |y BK | ||
| 952 | |0 0 |1 0 |2 lcc |4 0 |6 JQ3098 N56 |7 0 |9 2114 |a HOL |b HOL |c GJ |d 2021-04-13 |l 0 |o JQ3098 .N56 |p 2021-5969 |r 2021-04-13 00:00:00 |w 2021-04-13 |y BK | ||
| 952 | |0 0 |1 0 |2 lcc |4 0 |6 JQ3098 N56 |7 0 |9 2115 |a HOL |b HOL |c GJ |d 2021-04-13 |l 0 |o JQ3098 .N56 |p 2021-5970 |r 2021-04-13 00:00:00 |w 2021-04-13 |y BK | ||
| 952 | |0 0 |1 0 |2 lcc |4 0 |6 JQ3098 N56 |7 0 |9 2116 |a HOL |b HOL |c GJ |d 2021-04-13 |l 0 |o JQ3098 .N56 |p 2021-5971 |r 2021-04-13 00:00:00 |w 2021-04-13 |y BK | ||
| 952 | |0 0 |1 0 |2 ddc |4 0 |7 0 |9 2117 |a HOL |b HOL |d 2021-04-13 |l 0 |r 2021-04-13 00:00:00 |w 2021-04-13 |y BK | ||
| 999 | |c 1096 |d 1096 | ||